| Tag |
First Indicator |
Second Indicator |
Subfields |
| LEADER |
00000cam a2200000La 4500 |
| 001 |
in00001744721 |
| 005 |
20220105110101.0 |
| 006 |
m u |
| 007 |
cr cn--------- |
| 008 |
010115s2000 dcua sb 000 0 eng d |
| 020 |
|
|
|a 058533255X (electronic bk.)
|
| 035 |
|
|
|a (OCoLC)ocm45843265
|
| 040 |
|
|
|a N$T
|c N$T
|d OCL
|d OCLCQ
|d UtOrBLW
|
| 041 |
1 |
|
|a eng
|h rus
|
| 043 |
|
|
|a e-ru---
|
| 049 |
|
|
|a IICA
|
| 050 |
1 |
4 |
|a HD1995.15.Z8
|b R87 2000eb
|
| 082 |
0 |
4 |
|a 333.76/0947
|2 21
|
| 245 |
0 |
0 |
|a Russian views of the transition in the rural sector :
|b structures, policy outcomes, and adaptive responses /
|c L. Alexander Norsworthy, editor.
|
| 264 |
|
1 |
|a Washington, D.C. :
|b International Bank for Reconstruction and Development / World Bank,
|c 2000.
|
| 300 |
|
|
|a xvii, 209 pages :
|b illustrations ;
|c 23 cm.
|
| 336 |
|
|
|a text
|b txt
|2 rdacontent
|
| 337 |
|
|
|a computer
|b c
|2 rdamedia
|
| 338 |
|
|
|a online resource
|b cr
|2 rdacarrier
|
| 504 |
|
|
|a Includes bibliographical references.
|
| 533 |
|
|
|a Electronic reproduction.
|b Boulder, Colo. :
|c NetLibrary,
|d 2001.
|n Available via World Wide Web.
|n Access may be limited to NetLibrary affiliated libraries.
|
| 500 |
|
|
|a Electronic resource.
|
| 650 |
|
0 |
|a Agriculture and state
|z Russia (Federation)
|0 http://id.loc.gov/authorities/subjects/sh2007100858
|
| 651 |
|
0 |
|a Russia (Federation)
|x Rural conditions.
|0 http://id.loc.gov/authorities/subjects/sh2008111123
|
| 655 |
|
7 |
|a Electronic books.
|2 local
|
| 700 |
1 |
|
|a Norsworthy, L. Alexander,
|d 1962-
|0 http://id.loc.gov/authorities/names/n93037512
|
| 710 |
2 |
|
|a NetLibrary, Inc.
|0 http://id.loc.gov/authorities/names/no99080690
|
| 710 |
2 |
|
|a World Bank.
|0 http://id.loc.gov/authorities/names/n79043403
|
| 776 |
1 |
|
|c Original
|z 0821347659
|w (DLC) 00032476
|w (OCoLC)43953997
|
| 856 |
4 |
1 |
|u https://proxy.library.tamu.edu/login?url=http://www.netLibrary.com/urlapi.asp?action=summary&v=1&bookid=41572
|z Connect to the full text of this electronic book
|t 0
|
| 994 |
|
|
|a X0
|b IIC
|
| 999 |
|
|
|a MARS
|
| 999 |
f |
f |
|s 07adb88e-803c-3c62-98f3-d7fba81ddb78
|i b15fffb9-e250-3640-a02a-89fca646198c
|t 0
|
| 952 |
f |
f |
|a Texas A&M University
|b College Station
|c Electronic Resources
|d Available Online
|t 0
|e HD1995.15.Z8 R87 2000eb
|h Library of Congress classification
|
| 998 |
f |
f |
|a HD1995.15.Z8 R87 2000eb
|t 0
|l Available Online
|